00455nam a2200121Ia 4500008004100000100002100041245008300062245003500145260000900180300003000189440003000219650008400249171207s9999 xx 000 0 und d aNissenbaum, Asaf aInternet memes as contested cultural capital: The case of 4chan’s /b/ board  cAsaf Nissenbaum, Limor Shifman c2017 apages 483-501, April 2017 aNew Media & Societyv19:4 a4chan, CULTURAL CAPITAL, DIGITAL CULTURE, INTERNET MEMES, WEB-BASED COMMUNITIES